|
|
|
|
| LEADER |
00000nam a2200000 a 4500 |
| 001 |
vtls011739638 |
| 003 |
SK-MaSNL |
| 005 |
20260425223815.0 |
| 008 |
200205s2017 xo e l 000 0 slo |
| 015 |
|
|
|a SNBI2018
|
| 020 |
|
|
|a 9788081780202 (brož.)
|
| 035 |
|
|
|a urn:nbn:sk:snk-am00d8j8
|
| 035 |
|
|
|a urn:nbn:sk:snk-am3htag
|
| 035 |
|
|
|a 1B2C30B5-4D93-44FA-B634-86552E7E6EAF
|
| 040 |
|
|
|a SNK
|b slo
|c SNK
|e AACR2
|
| 041 |
0 |
|
|a slo
|
| 043 |
|
|
|a e-xo---
|
| 044 |
|
|
|a xo
|c SK
|
| 072 |
|
7 |
|a 331
|x Práca
|2 konspekt
|
| 080 |
|
|
|a 331.2
|2 2011
|
| 080 |
|
|
|a (437.6)
|2 2011
|
| 080 |
|
|
|a (094.5)
|2 2011
|
| 110 |
1 |
|
|a Slovensko
|4 aut
|9 266955
|
| 240 |
1 |
0 |
|a Zákony, etc.
|
| 245 |
1 |
0 |
|a Mzdárske zákony 2017
|
| 260 |
|
|
|a Bratislava
|b Verlag Dashöfer
|c 2017
|
| 300 |
|
|
|a 684 s.
|c 22 cm
|
| 500 |
|
|
|a Názov z obalu
|
| 500 |
|
|
|a Ročník: 1 ; nepravidelne aktualizované
|
| 505 |
0 |
0 |
|t Zákonník práce --
|t Zákon o dani z príjmov --
|t Zákon o zdravotnom poistení --
|t Zákon o sociálnom poistení --
|t Zákon o nelegálnej práci a nelegálnom zamestnávaní --
|t Zákon o inšpekcii práce --
|t Zákon o sociálnom fonde --
|t Zákon o minimálnej mzde --
|t Zákon o cestovných náhradách
|
| 650 |
0 |
7 |
|a mzdy
|2 SNKPH
|9 2316
|
| 650 |
0 |
7 |
|a Wages
|2 SNKPHeng
|9 266964
|
| 651 |
|
7 |
|a Slovensko
|2 SNKPH
|9 14231
|
| 651 |
|
7 |
|a Slovakia
|2 SNKPHeng
|9 92630
|
| 655 |
|
7 |
|a zákony
|2 SNKPH
|9 70186
|
| 655 |
|
7 |
|a Laws
|2 SNKPHeng
|9 266957
|
| 919 |
|
|
|a 978-80-8178-020-2
|
| 999 |
|
|
|c 596115
|d 598045
|
| 952 |
|
|
|a SNK
|b SNK
|y PREZ
|7 0
|p 17A1319593
|o snkSC 177932
|i snk2018/2765
|8 0
|0 0
|1 0
|4 0
|d 2018-01-31
|f 1
|l 0
|r 2025-09-19 00:00:00
|w 2026-02-23
|
| 952 |
|
|
|a SNK
|b SNK
|y VYP
|7 0
|p 17A1319594
|o snkSC 177932 D1
|i snk2018/2766
|8 0
|0 0
|1 0
|4 0
|d 2018-01-31
|l 0
|r 2026-02-23 15:39:01
|w 2026-02-23
|